00713nam a22002177a 450000500170000001000130001702000210003003500130005103700160006404000120008008200180009210000240011024500900013426000560022427000630028030000250034349000450036850000410041365000160045465000250047020170124110222.0 aA-991966 c00.00a817075058 aA-991966 bCen Lib/Ret aDPLbEN a658.4038bGAU a Gautam, Vinayshil  aInformation systems, organisations and comparative management /cby Vinayshil Gautam  aNew Delhi bHindustan Publishing Corporation c2000 bNew Delhi a4805/24, bharat ram road, dariya ganj e110002 axxi, 147p.c21cm(Hb) aResearches in management in asia series  aIncludes bibliographical references  aManagement  aInformation systems